000
00211 a2200097 4500
001
2753
100
_a
Geary, A
245
_a
Mathematics for technical stu
260
_a
_b
Longmans green
_c
090
_c
2048
_d
2048
942
_a
NUST-CAE
_c
M
_c
11647
999
_c
237826
_d
237826